LEADER 00912nam0-22003371i-450- 001 990003800060403321 005 20001010 010 $a88-317-6498-5 035 $a000380006 035 $aFED01000380006 035 $a(Aleph)000380006FED01 035 $a000380006 100 $a20001010d--------km-y0itay50------ba 101 0 $aita 105 $ay-------001yy 200 1 $aAutobiografia$fJeanne des Anges$ga cura di Mino Bergamo 210 $a1. ed. - Venezia$cMarsilio$d1996 215 $a124 p.$d19 cm 225 1 $aTascabili Marsilio$v57 610 0 $aPOSSESSIONE DEMONIACA$aAutobiografia 676 $a133.426 700 1$aJeanne :$cdes Anges$0144332 702 1$aBergamo,$bMino 801 0$aIT$bUNINA$gRICA$2UNIMARC 901 $aBK 912 $a990003800060403321 952 $a133.426 JEA 1$b6592$fBFS 959 $aBFS 996 $aAutobiografia$9476124 997 $aUNINA DB $aING01 LEADER 00973nam--2200373---450- 001 990006090270203316 005 20151022105656.0 010 $a978-5-9533-2577-6 035 $a000609027 035 $aUSA01000609027 035 $a(ALEPH)000609027USA01 035 $a000609027 100 $a20151022d2008----km-y0itay50------ba 101 $arus 102 $aRU 105 $a||||||||001yy 200 1 $aRusskaya Italiya$fS.Yu. Nechaev 210 $aMoskva$cVe?e$d2008 215 $a319 p.$cill.$d21 cm 225 2 $aRusskie za granicej 410 0$12001$aRusskie za granicej 454 1$12001 461 1$1001-------$12001 606 0 $aEmigranti russi 676 $a325.247 700 1$aNECHAEV,$bS. Yu.$0714945 801 0$aIT$bsalbc$gISBD 912 $a990006090270203316 951 $aVIII.1.E. 128$b11325 LIN 959 $aBK 969 $aUMA 979 $aMARANO$b90$c20151022$lUSA01$h1056 996 $aRusskaya Italiya$91382807 997 $aUNISA